01254nas a2200265Ia 4500001001100000003000900011008004100020040001300061040001300074041001300087100005100100210002100151222002100172245008800193250001100281260004200292501008600334300001800420362002600438500023800464650003900702942000700741999001900748952022100767R701/F7875IT-RoPAU151124c99999999xx |||||||||||| ||und|| aIT-RoPAU cIT-RoPAU aITALIANO aCaprettini GianpaologCodice Aut. SPICS: 11221 aCARTE SEMIOTICHE aCarte Semiotiche aCARTE SEMIOTICHE, NUOVA SERIE, N.03 (SETTEMBRE 1998)bStile Dei Nostri Maestri (Lo) a1a ed. aSIENAbPROTAGON EDITORI TOSCANIc1998 bPaulus - SPICS - Società€ San Paolo EM (non-commercial uses only)cCopyright2015 a16 p. [57-72] aN.03 (SETTEMBRE 1998) aStile e Biografia. Stile Come Poliglottismo e Come Ricodificazione. Scrittura e Lettura, Paradigma e Sintagma. Definizioni di Stile e Stilistica. Competenza e Interpretazione. Identità€ e Personalità€, Comunicabile e Intraducibile. aSEMIOTICAvPUBBLICAZIONE PERIODICA cCR c189834d189834 0010406R_701_000000000000000_F787571aSPICSbSPICSd2015-11-25l0oR701/F7875r2015-11-25 00:00:00w2015-11-25yCRzProgr. Ins: 87420 / Copia rara: NO / date import: 25.11.2015 / By Epidotti, Trombetti, Vaglietti